| 000 | 00377nam a2200145Ia 4500 | ||
|---|---|---|---|
| 008 | 230312s9999||||xx |||||||||||||| ||und|| | ||
| 020 | _a92-9194-646-x | ||
| 082 |
_a358.400 _bAER |
||
| 245 | 0 | _aAerodrome Design Manual-6 | |
| 260 |
_bInternational Civil Aviation Organizatio _aUSA _c2006 |
||
| 300 | _aA-6-15 | ||
| 546 | _aEng. | ||
| 650 |
_aAviation _vFrangibility |
||
| 942 | _cBK | ||
| 999 |
_c6669 _d6669 |
||